[Event "I Festival A"]
[Site "Lodi ITA"]
[Date "2005.06.12"]
[Round "4"]
[White "Martino, Antonio M."]
[Black "Pulito, Alberto"]
[Result "0-1"]
[WhiteElo "2103"]
[BlackElo "2202"]
[PlyCount "144"]
[EventDate "2005.06.10"]

1. c4 e6 2. Nc3 d5 3. cxd5 exd5 4. d4 Nf6 5. Bg5 Be7 6. Nf3 O-O 7. e3 c6 8. Bd3
Bg4 9. Qc2 h6 10. Bf4 Bxf3 11. gxf3 Nh5 12. Bg3 Na6 13. a3 Bf6 14. Bxa6 bxa6
15. O-O g6 16. Ne2 Rc8 17. Nf4 Ng7 18. Nd3 Nf5 19. Be5 Nh4 20. Bg3 Nxf3+ 21.
Kg2 Nh4+ 22. Bxh4 Bxh4 23. f4 Qe7 24. Ne5 c5 25. Qd2 Bf6 26. Rac1 Rfd8 27. Ng4
Bg7 28. dxc5 Rxc5 29. Rxc5 Qxc5 30. Rc1 Qe7 31. Qb4 Qe6 32. Ne5 Bxe5 33. fxe5
Qxe5 34. Qd4 Qxd4 35. exd4 Rb8 36. b4 Rb5 37. Kf3 Kg7 38. Ke3 Rb6 39. Rc5 Rf6
40. Rxd5 Re6+ 41. Kd3 Rf6 42. Kc4 Rf2 43. Rd6 g5 44. Rxa6 g4 45. Rxa7 Rxh2 46.
Re7 g3 47. Re3 Rg2 48. b5 h5 49. b6 h4 50. b7 Rb2 51. Rb3 Rxb3 52. Kxb3 g2 53.
b8=Q g1=Q 54. Qe5+ f6 55. Qe7+ Kg6 56. Qe8+ Kf5 57. Qc8+ Kf4 58. Qc7+ Kf3 59.
Qc6+ Kg3 60. Qd6+ Kg2 61. Qxf6 Qe3+ 62. Kc4 h3 63. Qg6+ Kf2 64. Qf6+ Qf3 65.
Qh4+ Qg3 66. Qf6+ Kg2 67. Qc6+ Kg1 68. Qe4 h2 69. Qb1+ Kg2 70. Qe4+ Qf3 71.
Qc2+ Kg1 72. Qg6+ Qg2 0-1

[Event "I Festival A"]
[Site "Lodi ITA"]
[Date "2005.06.12"]
[Round "4"]
[White "Molina, Fabrizio"]
[Black "Bressanelli, Roberto"]
[Result "1-0"]
[WhiteElo "2257"]
[BlackElo "2086"]
[PlyCount "69"]
[EventDate "2005.06.10"]

1. c4 c5 2. Nc3 Nf6 3. g3 g6 4. Bg2 Bg7 5. e4 d6 6. Nge2 Nc6 7. d3 Bd7 8. O-O
Qc8 9. Be3 Rb8 10. Rb1 h5 11. f3 a6 12. Qd2 h4 13. g4 h3 14. Bh1 e5 15. Rf2 Nd4
16. g5 Nh5 17. Nd5 Nxe2+ 18. Qxe2 b5 19. b3 Be6 20. f4 Qd8 21. f5 Bxd5 22. exd5
Rb7 23. Rbf1 Kd7 24. fxg6 fxg6 25. Rf7+ Kc8 26. Qg4+ Kb8 27. Rxb7+ Kxb7 28.
Rf7+ Kb8 29. Bxc5 dxc5 30. d6 e4 31. Bxe4 Bd4+ 32. Kh1 bxc4 33. Qe6 Nf4 34.
Rb7+ Ka8 35. Rb5+ 1-0

[Event "I Festival A"]
[Site "Lodi ITA"]
[Date "2005.06.12"]
[Round "4"]
[White "Mora, Paolo"]
[Black "Voloshin, Leonid"]
[Result "1/2-1/2"]
[WhiteElo "2137"]
[BlackElo "2474"]
[PlyCount "36"]
[EventDate "2005.06.10"]

1. e4 c5 2. Nc3 e6 3. g3 Nc6 4. Bg2 g6 5. d3 Bg7 6. Be3 d6 7. Qd2 Nd4 8. Nd1 e5
9. c3 Nc6 10. Ne2 Nge7 11. Bh6 O-O 12. Bxg7 Kxg7 13. Ne3 b5 14. O-O b4 15. f4
f6 16. g4 a5 17. g5 fxg5 18. fxg5 Rxf1+ 1/2-1/2

[Event "I Festival A"]
[Site "Lodi ITA"]
[Date "2005.06.12"]
[Round "4"]
[White "Naumkin, Igor"]
[Black "Astengo, Marcello"]
[Result "1-0"]
[WhiteElo "2412"]
[BlackElo "2120"]
[PlyCount "41"]
[EventDate "2005.06.10"]

1. d4 d5 2. c4 e6 3. Nf3 c6 4. Bg5 f6 5. Bf4 dxc4 6. e4 b5 7. Be2 Bb7 8. O-O c5
9. Nc3 a6 10. d5 e5 11. Be3 Bd6 12. a4 Qb6 13. axb5 axb5 14. Rxa8 Bxa8 15. Bxc4
bxc4 16. Qa4+ Bc6 17. dxc6 Nxc6 18. Rd1 Bb8 19. Nd5 Qb7 20. Bxc5 Kf7 21. Nb6
1-0

[Event "I Festival A"]
[Site "Lodi ITA"]
[Date "2005.06.12"]
[Round "4"]
[White "Perissinotto, Claudio"]
[Black "Jurkovic, Ante"]
[Result "0-1"]
[WhiteElo "2098"]
[BlackElo "2336"]
[PlyCount "128"]
[EventDate "2005.06.10"]

1. e4 d6 2. d4 Nf6 3. Nc3 Nbd7 4. Nf3 e5 5. Bc4 Be7 6. O-O O-O 7. a4 a5 8. h3
c6 9. Re1 Qc7 10. Bb3 h6 11. Nh4 Re8 12. Nf5 exd4 13. Nxe7+ Rxe7 14. Qxd4 d5
15. Bd2 dxe4 16. Nxe4 Nxe4 17. Rxe4 Nc5 18. Bc3 Ne6 19. Qe3 Re8 20. Rg4 g5 21.
h4 Kf8 22. hxg5 Nxg5 23. Qc5+ Qe7 24. Qd4 Qe5 25. Qxe5 Rxe5 26. Rh4 Rf5 27.
Rxh6 Ke7 28. Bc4 Ne6 29. Bd3 Rd5 30. Be4 Rd7 31. Be5 Nc5 32. Bf6+ Kd6 33. Bd4+
Ne6 34. f4 Kc7 35. Be5+ Kb6 36. Rh3 Nc5 37. Bf5 Rd8 38. Bxc8 Raxc8 39. Rh7 Rd7
40. Re1 Rg8 41. Rf1 Ne4 42. Re1 Ng3 43. Rg7 Rxg7 44. Bxg7 Rd2 45. c3 Ne2+ 46.
Kf1 Ng3+ 47. Kg1 Rxb2 48. Re7 Ne2+ 49. Kh2 Nxf4 50. Rxf7 Nxg2 51. Kg3 Ne1 52.
Bd4+ c5 53. Rf6+ Kc7 54. Bxc5 Rb3 55. Bd4 Nd3 56. Rf5 b6 57. Rf7+ Kc6 58. Kf3
Nb2 59. Ke3 Nxa4 60. Kd3 Rb2 61. Rf6+ Kb7 62. Rf7+ Ka6 63. Rf8 Rg2 64. Rf6 Rg5
0-1

[Event "I Festival A"]
[Site "Lodi ITA"]
[Date "2005.06.12"]
[Round "4"]
[White "Rombaldoni, Axel"]
[Black "Aleksic, Nenad"]
[Result "0-1"]
[WhiteElo "2147"]
[BlackElo "2396"]
[PlyCount "102"]
[EventDate "2005.06.10"]

1. e4 c5 2. Nf3 d6 3. d4 cxd4 4. Nxd4 Nf6 5. Nc3 a6 6. Bc4 e6 7. Bb3 Nbd7 8.
O-O Nc5 9. Re1 Be7 10. Qf3 O-O 11. a4 Nxb3 12. Nxb3 Qc7 13. a5 Bd7 14. h3 Bc6
15. Nd4 Rfe8 16. Bd2 Rac8 17. Re2 Nd7 18. Qg3 Bf6 19. Nb3 Ne5 20. Bg5 Bxg5 21.
Qxg5 Nc4 22. Ra2 Bd7 23. Nd1 Red8 24. Qg3 Bb5 25. Nc3 Be8 26. Nd1 d5 27. Qxc7
Rxc7 28. exd5 Rxd5 29. Nc3 Rd8 30. Ne4 Rd1+ 31. Kh2 h6 32. c3 Bc6 33. Nd4 Bd5
34. b3 Bxe4 35. bxc4 Bd3 36. Red2 Rxd2 37. Rxd2 Bxc4 38. Rb2 Bd5 39. Ne2 Rc5
40. Rb4 Rxa5 41. c4 Bc6 42. Nd4 Rc5 43. Nb3 Re5 44. f3 a5 45. Rb6 a4 46. Nd4
Ra5 47. Rb1 Rc5 48. Rb4 Ra5 49. Rb1 Kf8 50. Ra1 Ke7 51. Nb3 axb3 0-1

[Event "I Festival A"]
[Site "Lodi ITA"]
[Date "2005.06.12"]
[Round "4"]
[White "Rombaldoni, Denis"]
[Black "Castrogiovanni, Carlo"]
[Result "1-0"]
[WhiteElo "2336"]
[BlackElo "2115"]
[PlyCount "73"]
[EventDate "2005.06.10"]

1. d4 Nf6 2. c4 c5 3. d5 b5 4. cxb5 a6 5. bxa6 Bxa6 6. Nc3 d6 7. g3 g6 8. Bg2
Bg7 9. Nf3 Nbd7 10. Rb1 O-O 11. O-O Ra7 12. b3 Qa8 13. Qd2 Rb8 14. Rd1 Ne8 15.
Bb2 Nc7 16. Ba1 Bb7 17. Ne1 Ba6 18. Nc2 Bc8 19. h3 f6 20. h4 Nb5 21. Nxb5 Rxb5
22. a4 Rb8 23. Na3 Ba6 24. h5 Ne5 25. Bxe5 fxe5 26. hxg6 hxg6 27. Be4 e6 28.
Qc2 Bb7 29. Nb5 Bxd5 30. Bxd5 exd5 31. Nxa7 Qxa7 32. Rxd5 Qf7 33. Rxd6 Rf8 34.
Qc4 Kh7 35. Qxf7 Rxf7 36. Kg2 Bf8 37. Re6 1-0

[Event "I Festival A"]
[Site "Lodi ITA"]
[Date "2005.06.12"]
[Round "4"]
[White "Ruiz, Richard"]
[Black "Magrini, Fabrizio"]
[Result "1-0"]
[WhiteElo "2148"]
[BlackElo "1856"]
[PlyCount "37"]
[EventDate "2005.06.10"]

1. d4 Nf6 2. Bg5 d5 3. Nc3 Nbd7 4. Nf3 h6 5. Bf4 c6 6. e3 Ne4 7. Nxe4 dxe4 8.
Nd2 Nf6 9. c3 Bf5 10. Qc2 e6 11. Be5 Nd5 12. a3 Qg5 13. c4 Nb6 14. h4 Qg4 15.
g3 h5 16. Bc7 Nd7 17. Bg2 Nf6 18. Be5 Bg6 19. Bh3 1-0

[Event "I Festival A"]
[Site "Lodi ITA"]
[Date "2005.06.12"]
[Round "4"]
[White "Salami, Marco"]
[Black "Bonade', Massimo"]
[Result "1-0"]
[WhiteElo "2206"]
[BlackElo "2101"]
[PlyCount "93"]
[EventDate "2005.06.10"]

1. e4 c5 2. Nc3 d6 3. g3 g6 4. Bg2 Bg7 5. d3 Nc6 6. f4 e6 7. Nf3 Nge7 8. O-O
O-O 9. Be3 b6 10. d4 Ba6 11. Rf2 Qc7 12. a4 Rad8 13. Nb5 Qb8 14. c3 d5 15. e5
Nf5 16. Bc1 cxd4 17. Nfxd4 Nfxd4 18. Nxd4 Nxd4 19. cxd4 Rc8 20. Bd2 Rfd8 21. g4
Rd7 22. Bc3 Rdc7 23. f5 Qb7 24. Bh3 Bh6 25. Qf3 Qc6 26. Kh1 Bg7 27. Qe3 Bc4 28.
Bb4 Qe8 29. Bd6 Rc6 30. fxe6 fxe6 31. g5 Ba6 32. a5 bxa5 33. Bc5 R8c7 34. Rxa5
Rf7 35. Ra3 Bf8 36. b4 Bxc5 37. bxc5 Bb5 38. Rf6 Rxf6 39. exf6 a6 40. Qe5 Kf7
41. Re3 Bc4 42. Bg4 Qc8 43. h4 a5 44. h5 Bf1 45. Kg1 Qa6 46. hxg6+ hxg6 47. Qh2
1-0

[Event "I Festival A"]
[Site "Lodi ITA"]
[Date "2005.06.12"]
[Round "4"]
[White "Santurbano, Maria Vincenza"]
[Black "Frigieri, Fabrizio"]
[Result "1/2-1/2"]
[WhiteElo "2043"]
[BlackElo "2072"]
[PlyCount "114"]
[EventDate "2005.06.10"]

1. e4 c5 2. Nf3 Nc6 3. d4 cxd4 4. Nxd4 Nf6 5. Nc3 Qc7 6. Bg5 a6 7. Bxf6 gxf6 8.
Be2 e6 9. Qd2 b5 10. a3 Bb7 11. Nxc6 dxc6 12. O-O-O Rd8 13. Qe3 Bd6 14. g3 Ke7
15. f4 c5 16. Bf3 Ba8 17. Rhe1 c4 18. e5 Bc5 19. exf6+ Kxf6 20. Ne4+ Bxe4 21.
Qxe4 Kg7 22. f5 Rxd1+ 23. Rxd1 e5 24. Qg4+ Kf8 25. Qh4 Be3+ 26. Kb1 Bb6 27.
Qh6+ Ke7 28. f6+ Ke8 29. Qg7 Rf8 30. Bg4 Bd4 31. c3 Bc5 32. Qxh7 Qc6 33. Bd7+
Qxd7 34. Rxd7 Kxd7 35. Qf5+ Kd6 36. h4 Re8 37. Qe4 Re6 38. Qb7 e4 39. Qxa6+ Kd5
40. Qb7+ Kd6 41. Qb8+ Kc6 42. Qc8+ Kd6 43. Qf8+ Kd5 44. Qxf7 e3 45. Qd7+ Ke5
46. Qxb5 e2 47. Qxc5+ Ke4 48. Qxc4+ Kf5 49. Qf4+ Kg6 50. h5+ Kf7 51. Qc7+ Kxf6
52. Qf4+ Ke7 53. Qc7+ Kf6 54. Qf4+ Ke7 55. Qg5+ Ke8 56. Qg8+ Kd7 57. Qh7+ Ke8
1/2-1/2

[Event "I Festival A"]
[Site "Lodi ITA"]
[Date "2005.06.12"]
[Round "4"]
[White "Sciortino, Massimo"]
[Black "Tencati, Giuseppe"]
[Result "0-1"]
[WhiteElo "2306"]
[BlackElo "2093"]
[PlyCount "122"]
[EventDate "2005.06.10"]

1. e4 e6 2. d4 d5 3. Nd2 Nf6 4. e5 Nfd7 5. Bd3 c5 6. c3 Nc6 7. Ngf3 Qb6 8. O-O
cxd4 9. cxd4 Nxd4 10. Nxd4 Qxd4 11. Nf3 Qb6 12. Qa4 Qb4 13. Qc2 h6 14. Bd2 Qb6
15. a3 Nc5 16. Be3 Qb3 17. Qxb3 Nxb3 18. Rad1 Bd7 19. Bc2 Na5 20. b4 Nc4 21.
Bc1 Rc8 22. Bb3 Be7 23. Rd4 Nb6 24. Rg4 g6 25. h4 Bb5 26. Re1 Bd3 27. Rd4 Bc4
28. Bc2 Bb5 29. Bb1 Nd7 30. Be3 a6 31. Rdd1 Kf8 32. g3 Kg7 33. Kg2 Ba4 34. Rc1
Bb5 35. Nd4 Bc4 36. f4 a5 37. Bd2 h5 38. Bc3 Ra8 39. f5 axb4 40. axb4 gxf5 41.
Bxf5 Ra2+ 42. Kg1 Rg8 43. Bb1 Ra3 44. Ne2 Bxe2 45. Rxe2 Rc8 46. Rec2 Rc4 47. b5
Bb4 48. Bb2 Rxg3+ 49. Kh2 Rgg4 50. Rxc4 dxc4 51. Rg1 Rxg1 52. Kxg1 c3 53. Bc1
Nxe5 54. Be4 b6 55. Be3 f5 56. Bxb6 fxe4 57. Bd4 Kf6 58. b6 c2 59. Bb2 Bc5+ 60.
Kf1 Bxb6 61. Ke2 Ba5 0-1

[Event "I Festival A"]
[Site "Lodi ITA"]
[Date "2005.06.12"]
[Round "4"]
[White "Tiviakov, Sergei"]
[Black "Ranola, Yves"]
[Result "1-0"]
[WhiteElo "2631"]
[BlackElo "2467"]
[PlyCount "133"]
[EventDate "2005.06.10"]

1. e4 c5 2. c3 Nf6 3. e5 Nd5 4. Nf3 Nc6 5. Bc4 Nb6 6. Bb3 c4 7. Bc2 Qc7 8. Qe2
g5 9. e6 dxe6 10. Nxg5 Qe5 11. d4 cxd3 12. Bxd3 Qxe2+ 13. Bxe2 Bg7 14. O-O O-O
15. Nd2 e5 16. Nc4 Nd7 17. Rd1 h6 18. Nf3 e4 19. Nfd2 Nc5 20. Nb3 Nxb3 21. axb3
Be6 22. Be3 Rfd8 23. b4 Rdc8 24. Nd2 f5 25. f3 exf3 26. Bxf3 a6 27. Bc5 Bf7 28.
Bxc6 Rxc6 29. Bxe7 Re8 30. Re1 Re6 31. Rxe6 Bxe6 32. Bh4 Bd5 33. Re1 Rxe1+ 34.
Bxe1 b5 35. Bg3 Kf7 36. Kf2 Ke6 37. Nf1 Bf6 38. Bf4 h5 39. Nd2 Bd8 40. g3 Be4
41. Nxe4 fxe4 42. h3 Kf5 43. b3 Bf6 44. Bd2 Be5 45. c4 Bd4+ 46. Kg2 e3 47. Be1
Ke4 48. c5 e2 49. g4 hxg4 50. hxg4 Kf4 51. Kh3 Kf3 52. c6 Bf2 53. c7 Bxe1 54.
c8=Q Bd2 55. Qf5+ Bf4 56. Qd3+ Kf2 57. Qc2 Kf3 58. Qc3+ Kf2 59. Qf6 Ke3 60. Qh4
Kd2 61. Qd8+ Kc1 62. Qc8+ Kd1 63. Qf5 e1=Q 64. Qxf4 Qc3+ 65. Kh4 Qxb3 66. g5
Qe6 67. Qg4+ 1-0

[Event "I Festival A"]
[Site "Lodi ITA"]
[Date "2005.06.12"]
[Round "4"]
[White "Vecchia, Mario"]
[Black "Rosin, Federico"]
[Result "0-1"]
[WhiteElo "2058"]
[BlackElo "2127"]
[PlyCount "58"]
[EventDate "2005.06.10"]

1. e4 c5 2. Nf3 Nc6 3. c3 Nf6 4. e5 Nd5 5. Bc4 e6 6. O-O d6 7. d4 cxd4 8. cxd4
dxe5 9. dxe5 Be7 10. b3 O-O 11. Bb2 a6 12. Nc3 Nxc3 13. Bxc3 b5 14. Bd3 Bb7 15.
Qe2 Qb6 16. Rad1 Rfd8 17. h4 Rac8 18. Ba1 Nb4 19. Bb1 Rxd1 20. Rxd1 Rd8 21. Bc3
Rxd1+ 22. Qxd1 Nd5 23. Bd4 Qc7 24. Be4 Nc3 25. Bxc3 Bxe4 26. Bb2 g6 27. Ng5 Bd5
28. Qg4 h6 29. Ne4 Qc2 0-1

[Event "I Festival A"]
[Site "Lodi ITA"]
[Date "2005.06.12"]
[Round "4"]
[White "Verducci, Gianni"]
[Black "Roberti, Ignazio"]
[Result "1-0"]
[WhiteElo "2081"]
[BlackElo "1954"]
[PlyCount "105"]
[EventDate "2005.06.10"]

1. e4 c5 2. Nc3 Nc6 3. Nge2 g6 4. g3 Bg7 5. Bg2 e6 6. O-O Nge7 7. d3 O-O 8. f4
d6 9. h3 Nd4 10. g4 f5 11. Ng3 Rb8 12. Nce2 b5 13. c3 Nxe2+ 14. Qxe2 Qc7 15.
Bd2 a5 16. exf5 exf5 17. Rae1 Rf7 18. gxf5 Nxf5 19. Bd5 Nxg3 20. Qe8+ Bf8 21.
f5 Nxf1 22. Bh6 Bxf5 23. Bxf7+ Qxf7 24. Qxb8 Ne3 25. Rxe3 Bd7 26. Qd8 Bc6 27.
Re6 Qf3 28. Qxf8+ Qxf8 29. Bxf8 Kxf8 30. Rxd6 Be8 31. Rd5 Ke7 32. Rxc5 Kd6 33.
Rc8 Bf7 34. b3 Be6 35. Rh8 Bxh3 36. Rxh7 Bf5 37. d4 b4 38. c4 Bb1 39. Rh2 Bd3
40. Kf2 a4 41. Ke3 Bf5 42. bxa4 Be6 43. d5 Bd7 44. Kd4 Bxa4 45. c5+ Kd7 46.
Rh7+ Kd8 47. c6 g5 48. Kc5 Bc2 49. Rg7 Bb1 50. Kd6 Ke8 51. Ra7 g4 52. Ke6 Kf8
53. c7 1-0

[Event "I Festival A"]
[Site "Lodi ITA"]
[Date "2005.06.12"]
[Round "4"]
[White "Vicari, Luigi"]
[Black "Giretti Kanev, Jasen"]
[Result "0-1"]
[WhiteElo "2072"]
[BlackElo "2166"]
[PlyCount "32"]
[EventDate "2005.06.10"]

1. Nf3 d5 2. g3 Nf6 3. Bg2 c6 4. O-O Bf5 5. d3 Nbd7 6. Nbd2 e6 7. Re1 Bc5 8. e4
dxe4 9. Nxe4 Bxe4 10. dxe4 Ng4 11. Rf1 Ndf6 12. Qe2 Nxf2 13. e5 N6g4 14. Rxf2
Bxf2+ 15. Kf1 Bc5 16. Bg5 Nxh2+ 0-1

[Event "I Festival A"]
[Site "Lodi ITA"]
[Date "2005.06.12"]
[Round "4"]
[White "Xia, Jie"]
[Black "Galassi, Federico"]
[Result "0-1"]
[WhiteElo "2110"]
[BlackElo "2210"]
[PlyCount "114"]
[EventDate "2005.06.10"]

1. e4 d6 2. d4 Nf6 3. Nc3 g6 4. f4 Bg7 5. Nf3 O-O 6. Bd3 Na6 7. Qe2 c5 8. e5
Ng4 9. h3 cxd4 10. hxg4 dxc3 11. f5 Qa5 12. b4 Nxb4 13. e6 Nxd3+ 14. Qxd3 gxf5
15. gxf5 fxe6 16. f6 Rxf6 17. Qxh7+ Kf8 18. Bh6 Rxh6 19. Rxh6 Bxh6 20. Qxh6+
Ke8 21. Qh8+ Kd7 22. Rd1 b6 23. Qg7 Ke8 24. Qg8+ Kd7 25. Qg7 Ke8 26. Qg6+ Kd8
27. Qg8+ Kc7 28. Qg7 Bd7 29. Rd3 Re8 30. Rxc3+ Kb7 31. Kd1 Qxa2 32. Qg6 Qd5+
33. Rd3 Qf5 34. Qg3 Rh8 35. Nd4 Rh1+ 36. Kd2 Qa5+ 37. Rc3 Qd5 38. Rd3 e5 39.
Nb3 Qb5 40. Qf3+ Qc6 41. Qg3 Rg1 42. Rf3 e4 43. Rf2 Qd5+ 44. Ke3 Re1+ 45. Re2
Rxe2+ 46. Kxe2 Qc4+ 47. Kd1 a5 48. Qg5 Qf1+ 49. Kd2 Qf6 50. Qe3 Qe5 51. Nd4 a4
52. Ne2 Bc6 53. g3 Qc5 54. Qh6 a3 55. Qg7 d5 56. g4 a2 57. Nc1 Qa5+ 0-1

[Event "I Festival A"]
[Site "Lodi ITA"]
[Date "2005.06.12"]
[Round "4"]
[White "Zanellato, Lorenzo"]
[Black "Cardini, Saverio"]
[Result "1-0"]
[WhiteElo "2087"]
[BlackElo "2010"]
[PlyCount "57"]
[EventDate "2005.06.10"]

1. d4 d5 2. c4 e6 3. Nc3 c6 4. e3 Nf6 5. Nf3 Nbd7 6. Qc2 Bb4 7. Bd2 O-O 8. b3
Re8 9. Be2 Bxc3 10. Bxc3 Ne4 11. O-O f5 12. Bd3 Kh8 13. Bxe4 fxe4 14. Ne5 Nxe5
15. dxe5 Qg5 16. Qe2 Rf8 17. f4 Qg6 18. Bb4 Rf7 19. Rac1 b6 20. cxd5 a5 21.
Rxc6 axb4 22. Qc4 Rf8 23. Qxb4 Bd7 24. Rxb6 Rfc8 25. Qd2 Qf5 26. d6 Ra7 27. Rc1
h6 28. Rxc8+ Bxc8 29. Rb8 1-0

[Event "I Festival A"]
[Site "Lodi ITA"]
[Date "2005.06.12"]
[Round "4"]
[White "Zanetti, Alberto"]
[Black "Faccia, Sergio"]
[Result "1-0"]
[WhiteElo "2224"]
[BlackElo "1992"]
[PlyCount "83"]
[EventDate "2005.06.10"]

1. d4 e5 2. e4 exd4 3. Qxd4 Nc6 4. Qe3 Nf6 5. Nc3 Bb4 6. Bd2 d6 7. O-O-O Ng4 8.
Qg3 Rg8 9. h3 Nge5 10. f4 Ng6 11. Nf3 Bd7 12. Bd3 Bxc3 13. Bxc3 Qe7 14. h4
O-O-O 15. h5 Nf8 16. Rhe1 f6 17. e5 dxe5 18. fxe5 Qf7 19. b3 Be6 20. Qh4 fxe5
21. Nxe5 Nxe5 22. Rxe5 Nd7 23. Ra5 a6 24. Rf1 Nf6 25. h6 Qd7 26. Qf2 Qc6 27.
Rc5 Qe8 28. hxg7 Nd5 29. Bb2 Nb4 30. Bxh7 b6 31. Rg5 Qc6 32. Kb1 Rge8 33. a3
Nd5 34. Qf3 Qd6 35. Ka2 Kb8 36. Re1 a5 37. Rge5 a4 38. Bf5 axb3+ 39. cxb3 Bxf5
40. Rxe8 Bh7 41. Rxd8+ Qxd8 42. Qf8 1-0

[Event "I Festival A"]
[Site "Lodi ITA"]
[Date "2005.06.12"]
[Round "4"]
[White "Zucconi, Leandro"]
[Black "Vincenzi, Marco"]
[Result "0-1"]
[WhiteElo "2144"]
[BlackElo "2053"]
[PlyCount "86"]
[EventDate "2005.06.10"]

1. e4 c5 2. c4 Nc6 3. Nc3 d6 4. g3 g6 5. Bg2 Bg7 6. d3 Nd4 7. Nge2 Bg4 8. h3
Bxe2 9. Nxe2 Qd7 10. O-O Nxe2+ 11. Qxe2 Bd4 12. Kh2 e5 13. f4 Ne7 14. Rb1 Nc6
15. f5 O-O-O 16. a3 Rdg8 17. Bd2 f6 18. fxg6 Rxg6 19. h4 Qg7 20. Bh3+ Kc7 21.
g4 Qe7 22. g5 fxg5 23. Bxg5 Qg7 24. Qf3 Rg8 25. Qf7+ Kb6 26. Qxg7 R6xg7 27. Be6
Re8 28. Bf6 Rc7 29. Bd5 a5 30. Bg5 a4 31. b3 axb3 32. Rxb3+ Ka7 33. Rf6 Rd7 34.
Be6 Rg7 35. Bf5 Ne7 36. Bd7 Rd8 37. Be6 Ng6 38. Bd5 Nf4 39. Rxf4 exf4 40. Bxd8
f3 41. Bg5 h6 42. Bf4 f2 43. Rb1 Rg1 0-1

[Event "I Festival A"]
[Site "Lodi ITA"]
[Date "2005.06.12"]
[Round "5"]
[White "Aldrovandi, Costantino"]
[Black "Gilardone, Adriano"]
[Result "0-1"]
[WhiteElo "2246"]
[BlackElo "2105"]
[PlyCount "172"]
[EventDate "2005.06.10"]

1. Nf3 d5 2. g3 e6 3. Bg2 Bd6 4. O-O c6 5. b3 f5 6. Bb2 Nf6 7. d3 O-O 8. Nbd2
Nbd7 9. e4 fxe4 10. dxe4 Bc5 11. Qe2 Qe8 12. a3 a5 13. Nd4 e5 14. Nf5 Nxe4 15.
Nxe4 dxe4 16. Qxe4 Kh8 17. Ne3 Qe7 18. Nc4 Qf6 19. Qe2 Bd4 20. c3 Bc5 21. Rae1
b5 22. Nd2 Ba7 23. Ne4 Qe7 24. Bc1 Bb7 25. Rd1 Nf6 26. Bg5 Rad8 27. Nxf6 gxf6
28. Bh6 Rxd1 29. Rxd1 Rd8 30. Rxd8+ Qxd8 31. Qg4 Qe7 32. Be4 Qf7 33. h4 Bc5 34.
Qf5 Bxa3 35. g4 Qg6 36. Qxg6 hxg6 37. Bxg6 Bb2 38. Bd2 a4 39. bxa4 bxa4 40. Bc2
a3 41. Bb3 Ba6 42. c4 Bc8 43. f3 e4 44. Kf2 Kg7 45. Ke3 exf3 46. Kxf3 Be6 47.
Bb4 Kg6 48. Kf4 Bc1+ 49. Kg3 Bb2 50. Kf3 f5 51. g5 Kh5 52. Be1 Be5 53. Ba2 Bd6
54. Bf2 Be5 55. Bb3 Bd6 56. Ba2 Be5 57. Be1 Bd6 58. c5 Bxa2 59. cxd6 Be6 60.
Bc3 Kg6 61. Kf4 a2 62. Ke5 Bc8 63. Kf4 Bd7 64. Bf6 Bc8 65. Ke3 Be6 66. Kd3 Bc8
67. Kc4 Be6+ 68. Kd3 Bc8 69. Be5 Bd7 70. Kc2 Be6 71. Kb2 Kh5 72. Kc2 Kg6 73.
Kd3 Bd7 74. Ba1 Be6 75. Kd4 Bc8 76. Kc3 Bd7 77. Kd3 Be6 78. Bd4 Bd7 79. Bc3 Be6
80. Kd4 Bc8 81. Kc5 Bd7 82. Kd4 Bc8 83. Bb2 Be6 84. Ke5 Bc8 85. Kf4 Be6 86. Bh8
Bd7 0-1

[Event "I Festival A"]
[Site "Lodi ITA"]
[Date "2005.06.12"]
[Round "5"]
[White "Aleksic, Nenad"]
[Black "Luciani, Valerio"]
[Result "1-0"]
[WhiteElo "2396"]
[BlackElo "2241"]
[PlyCount "165"]
[EventDate "2005.06.10"]

1. e4 e6 2. Nf3 d5 3. Nc3 Nf6 4. e5 Nfd7 5. d4 a6 6. Bd3 c5 7. dxc5 Bxc5 8. O-O
f6 9. exf6 Nxf6 10. Bf4 Nc6 11. Ne5 O-O 12. Qe2 Nb4 13. Bg3 Nxd3 14. cxd3 Bd7
15. Rae1 Be8 16. Nf3 Bf7 17. Ng5 Re8 18. Nxf7 Kxf7 19. Nb1 Bb4 20. Rc1 Rc8 21.
Nd2 Bxd2 22. Qxd2 Qd7 23. Rce1 Qa4 24. b3 Qg4 25. h3 Qd4 26. Be5 Qh4 27. Re3
Rc6 28. Rg3 Kg8 29. Qe3 Kh8 30. a3 Qh5 31. Re1 Rf8 32. Qd4 Qe8 33. a4 Qd8 34.
b4 Rf7 35. Rge3 Nd7 36. Bg3 Nf8 37. b5 axb5 38. axb5 Rc2 39. Qg4 Qd7 40. Qb4
Kg8 41. Kh2 Qc8 42. b6 Qc5 43. Qb1 Qc6 44. Kg1 Rc5 45. d4 Rb5 46. Rb3 Rxb3 47.
Qxb3 Nd7 48. Bc7 Nf6 49. Qe3 Ne8 50. Rc1 Qd7 51. Qg3 Nf6 52. Qe5 Ne8 53. Qg3
Nf6 54. Qa3 Ne8 55. Be5 Qd8 56. Qb4 Qd7 57. Rc2 Qd8 58. Rc5 h6 59. Ra5 Kh7 60.
Ra3 Kg8 61. Ra7 Qc8 62. Qa3 Qc6 63. Ra8 Kh7 64. Qd3+ Kg8 65. Qg6 Kf8 66. Qb1
Kg8 67. Rb8 Rf8 68. Qg6 Qd7 69. Qg3 Kh7 70. Bc7 Qc6 71. Rd8 Rg8 72. Qd3+ Kh8
73. Be5 Nf6 74. Bxf6 Qc1+ 75. Qf1 Qxf1+ 76. Kxf1 gxf6 77. Rd6 Re8 78. Rd7 Rb8
79. Re7 e5 80. dxe5 fxe5 81. Rxe5 Kg7 82. Rxd5 Kf6 83. Rd6+ 1-0

[Event "I Festival A"]
[Site "Lodi ITA"]
[Date "2005.06.12"]
[Round "5"]
[White "Astengo, Marcello"]
[Black "Malano, Francesco"]
[Result "1-0"]
[WhiteElo "2120"]
[BlackElo "2026"]
[PlyCount "83"]
[EventDate "2005.06.10"]

1. d4 c5 2. d5 e5 3. dxe6 fxe6 4. e4 Nc6 5. Nf3 Nf6 6. e5 Nd5 7. c4 Nc7 8. Bf4
Be7 9. Nc3 O-O 10. Qd2 Ne8 11. Rd1 Nb4 12. Bg3 a6 13. a3 Nc6 14. Bd3 b6 15. Bb1
Rb8 16. Qd3 g6 17. Ne4 Ng7 18. Nf6+ Bxf6 19. exf6 Qxf6 20. Bxb8 Nxb8 21. Qe2
Bb7 22. Qe5 Bxf3 23. Qxf6 Rxf6 24. gxf3 Rxf3 25. Rg1 Rb3 26. Rd2 Nh5 27. Bc2
Rh3 28. Rd6 b5 29. cxb5 axb5 30. Rb6 Nc6 31. Rxb5 Nd4 32. Rxc5 Nf3+ 33. Kf1
Nxg1 34. Kxg1 Kf7 35. a4 Rh4 36. a5 Rb4 37. b3 Ke7 38. a6 Rb8 39. b4 Nf6 40. b5
Kd6 41. a7 Ra8 42. b6 1-0

[Event "I Festival A"]
[Site "Lodi ITA"]
[Date "2005.06.12"]
[Round "5"]
[White "Bonade', Massimo"]
[Black "Xausa, Flavio"]
[Result "1-0"]
[WhiteElo "2101"]
[BlackElo "2123"]
[PlyCount "47"]
[EventDate "2005.06.10"]

1. d4 Nf6 2. c4 g6 3. Nc3 Bg7 4. e4 d6 5. Nf3 O-O 6. Be2 e5 7. d5 a5 8. Bg5 Na6
9. Nd2 Nc5 10. Rb1 c6 11. O-O h6 12. Bh4 Qe8 13. b3 Nh7 14. a3 f5 15. f3 Bf6
16. Bf2 f4 17. b4 Nd7 18. c5 Be7 19. cxd6 Bxd6 20. Nc4 Bc7 21. b5 c5 22. b6 Bd8
23. Na4 Rf6 24. d6 1-0

[Event "I Festival A"]
[Site "Lodi ITA"]
[Date "2005.06.12"]
[Round "5"]
[White "Bonarrigo, Marco"]
[Black "Ficco, Corrado"]
[Result "1/2-1/2"]
[WhiteElo "2014"]
[BlackElo "2148"]
[PlyCount "118"]
[EventDate "2005.06.10"]

1. e4 c5 2. Nf3 e6 3. d4 cxd4 4. Nxd4 Nc6 5. Nb5 Nf6 6. N1c3 d6 7. Bf4 e5 8.
Bg5 a6 9. Na3 b5 10. Nd5 Qa5+ 11. Bd2 Qd8 12. Bg5 Be7 13. Bxf6 Bxf6 14. c3 Ne7
15. Nxf6+ gxf6 16. Qf3 f5 17. Bd3 d5 18. exf5 e4 19. Bxe4 dxe4 20. Qxe4 Qd5 21.
Qxd5 Nxd5 22. O-O-O Bb7 23. Rhe1+ Kd7 24. Rd4 Rhe8 25. Red1 Re2 26. c4 Rc8 27.
Kb1 bxc4 28. Nxc4 Rc5 29. Ne3 Kd6 30. b4 Ke5 31. f4+ Kf6 32. Nxd5+ Rxd5 33.
Rxd5 Bxd5 34. Rxd5 Rxg2 35. Rd6+ Kxf5 36. Rxa6 Rxh2 37. b5 Rd2 38. b6 Rd8 39.
a4 h5 40. Ra5+ Kxf4 41. Rxh5 f5 42. a5 Rb8 43. Rh6 Kg5 44. Rc6 f4 45. a6 f3 46.
b7 f2 47. Rc1 Re8 48. a7 Re1 49. b8=Q Rxc1+ 50. Kxc1 f1=Q+ 51. Kc2 Qe2+ 52. Kc3
Qe3+ 53. Kc4 Qc1+ 54. Kb4 Qb2+ 55. Ka5 Qa3+ 56. Kb6 Qb4+ 57. Ka6 Qa4+ 58. Kb7
Qb5+ 59. Kc8 Qf5+ 1/2-1/2

[Event "I Festival A"]
[Site "Lodi ITA"]
[Date "2005.06.12"]
[Round "5"]
[White "Bressanelli, Roberto"]
[Black "Gromovs, Sergejs"]
[Result "1/2-1/2"]
[WhiteElo "2086"]
[BlackElo "2362"]
[PlyCount "109"]
[EventDate "2005.06.10"]

1. e4 c5 2. Nf3 d6 3. Bb5+ Nd7 4. d4 cxd4 5. Qxd4 a6 6. Bxd7+ Bxd7 7. Nc3 Bc6
8. Bg5 Nf6 9. O-O-O Qa5 10. Kb1 e5 11. Qd3 Be7 12. Bxf6 Bxf6 13. Nd5 Bxd5 14.
Qxd5 Qxd5 15. Rxd5 Be7 16. c4 Rc8 17. b3 O-O 18. Nd2 g6 19. Re1 f5 20. exf5
gxf5 21. c5 Rxc5 22. Rxc5 dxc5 23. Rxe5 Rf7 24. Nc4 b5 25. Ne3 f4 26. Nf5 Bf8
27. Rd5 Rf6 28. g4 fxg3 29. fxg3 h5 30. Re5 Kf7 31. Kc2 Kg6 32. Nh4+ Kh6 33.
Nf5+ Kg6 34. Nh4+ Kf7 35. Nf5 Re6 36. Rxe6 Kxe6 37. Ne3 Bh6 38. Kd3 Ke5 39. h3
Bg5 40. a3 Bh6 41. a4 Bg5 42. axb5 axb5 43. Ng2 Kd5 44. Ne3+ Ke5 45. Ng2 Bh6
46. g4 hxg4 47. hxg4 Bg5 48. Ne3 Bd8 49. b4 cxb4 50. Kc2 Bg5 51. Kb3 Be7 52.
Nc2 Kf4 53. Nd4 Kxg4 54. Nxb5 Kf5 55. Nc7 1/2-1/2